000 00528nam a22001817a 4500
003 NUST - PNEC
005 20170116180815.0
008 150519b xxu||||| |||| 00| 0 eng d
020 _a969425079X
040 _cLIBRARY
082 _a323.4454918 LAG
100 _93610
_aLaghri, Abdul Jabbar Abid
245 _aJido Jihad e azadi me sindh ka kirdar
_cDr. Abdul Jabbar Abid Laghri
260 _aLahore:
_bIdara Tahqeeqat Pakistan,
300 _a404 p. :
_c24 cm.
650 _93611
_aSindh, History
_xGeneral
942 _2ddc
_cBK
999 _c63502
_d63502